| 000 | 00761nam a2200229 4500 | ||
|---|---|---|---|
| 003 | CO-ViMGA | ||
| 020 | _a9789588979953 | ||
| 040 |
_aCO-ViMGA _bspa _cCO-ViMGA |
||
| 090 | _aN MES4 | ||
| 100 | 1 |
_aMesa Sepúlveda, Gilmer _911956 |
|
| 245 | 1 | 0 |
_aLa cuadra / _cGilmer Mesa. |
| 250 | _aEdición especial | ||
| 260 |
_aBogotá : _bPenguin Random House, _c2017 |
||
| 300 |
_a192 páginas ; _b23 cm. |
||
| 490 | _aPlan Nacional de Lectura y Escritura Leer es mi Cuento / Ministerio de Cultura | ||
| 500 | _aIncluye datos biográficos del autor | ||
| 650 | 1 | 4 |
_aAdolescencia En La Literatura _911957 |
| 650 | 1 | 4 |
_aLiteratura Colombiana _ySiglo Xxi _97758 |
| 650 | 1 | 4 |
_aNovela Colombiana _ySiglo Xxi _92549 |
| 650 | 1 | 4 |
_aViolencia En Colombia _911958 |
| 942 |
_2ddc _cBK |
||
| 999 |
_c8497 _d8497 |
||